000 00610nam a22001577a 4500
003 OSt
005 20150927161854.0
008 150927b xxu||||| |||| 00| 0 eng d
040 _cRUA
082 _aAGR THE 2011 B050 Or.1
100 _91449
_aTECH, THAIHUON
245 _aEstsbishment of agroforestry system in the low land areas in cambodia, ការបង្កើតប្រព័ន្ធកសិរុក្ខកម្មគំរូនៅតំបន់ទំនាបកណ្តាលកម្ពុជា
260 _aPhnom Penh
_bRUA
_c2011
300 _axi, 39p.
_bill.
_c29cm.
942 _2ddc
_cAGR
999 _c1361
_d1361